K aktuálnym otázkam finančnej politiky a systému zdaňovania

Privítanie delegátov na medzinárodnej vedeckej konferencii s názvom Fiškálna politika a optimálny systém zdaňovania vo väzbe na efektívnosť fungovania ekonomiky.

Na minha lista:
Detalhes bibliográficos
Autor principal: Gonda, Vladimír
Formato: Capítulo de Livro
Idioma:eslovaco
Tags: Adicionar Tag
Sem tags, seja o primeiro a adicionar uma tag!

MARC

LEADER 00000naa$a2200000$$$4500
001 0062442
005 20240502071714.4
041 0 |a slo 
044 |a SK 
245 1 0 |a K aktuálnym otázkam finančnej politiky a systému zdaňovania  |c Vladimír Gonda 
520 |a Privítanie delegátov na medzinárodnej vedeckej konferencii s názvom Fiškálna politika a optimálny systém zdaňovania vo väzbe na efektívnosť fungovania ekonomiky. 
100 1 |a Gonda, Vladimír